[Event "Rheinland Pfalz op 2nd"]
[Site "Schweich"]
[Date "2010.07.16"]
[Round "3"]
[White "Grieb, Daniel"]
[Black "Zimmer, Luca"]
[Result "1-0"]
[WhiteElo "1376"]
[BlackElo "894"]
[PlyCount "28"]
[EventDate "2010.07.16"]
[EventType "swiss"]
[EventRounds "7"]
[EventCountry "GER"]
[SourceTitle "EXT 2012"]
[Source "ChessBase"]
[SourceDate "2011.11.24"]
[SourceVersion "1"]
[SourceVersionDate "2011.11.24"]
[SourceQuality "1"]

1. e4 e5 2. Nf3 Nc6 3. Bc4 Nf6 4. d3 Bb4+ 5. Nc3 d6 6. h3 0-0 7. Bg5 h6 8. Be3 Qe7 9. 0-0 Be6 10. Bxe6 Qxe6 11. Nh4 Ne7 12. f4 exf4 13. Bd2 Bc5+ 14. Kh1 d5 1-0